| 000 | 00596nam a2200217Ia 4500 | ||
|---|---|---|---|
| 005 | 20250508161021.0 | ||
| 008 | 008 250505s9999 xx 000 0 eng d | ||
| 037 | _aTextBook | ||
| 040 |
_aFEDL _beng _cFEDL |
||
| 041 |
_aeng _2eng |
||
| 084 |
_a370.15, CHA _qFEDL |
||
| 100 |
_aChauhan S S _9770026 |
||
| 245 | 0 | _aAdvanced educational psychology | |
| 250 | _a4 rev. | ||
| 260 |
_aNew Delhi, India _bVikas Publishing House _c1990 |
||
| 300 | _axiii, 542p | ||
| 365 |
_aINR _b75 |
||
| 650 | _aEducational Psychology | ||
| 942 |
_cTB _h370.15, CHA |
||
| 999 |
_c1367953 _d1367953 |
||